[Event "AUT-chT2O 9798"]
[Site "Austria"]
[Date "1998.03.12"]
[Round "12"]
[White "Herndlbauer, Martin"]
[Black "Wallner, Alfred"]
[Result "1-0"]
[WhiteElo "2125"]
[BlackElo "2215"]
[PlyCount "79"]
[EventDate "1997.??.??"]
[EventType "team"]
[EventRounds "13"]
[EventCountry "AUT"]
[SourceTitle "EXT 1999"]
[Source "ChessBase"]
[SourceDate "1998.11.16"]
[SourceVersion "1"]
[SourceVersionDate "1998.11.16"]
[SourceQuality "1"]

1. d4 Nf6 2. c4 g6 3. Nc3 Bg7 4. e4 d6 5. f3 Nc6 6. d5 Ne5 7. Bg5 c5 8. Qd2 h6 9. Be3 a6 10. h3 Rb8 11. a4 Qa5 12. f4 Ned7 13. Ra3 0-0 14. Nge2 Kh7 15. Ng3 Re8 16. Be2 Qc7 17. 0-0 e6 18. Raa1 exd5 19. cxd5 c4 20. Rac1 b5 21. axb5 axb5 22. b4 h5 23. e5 dxe5 24. f5 e4 25. d6 Qc6 26. Nxb5 Rxb5 27. Bxc4 Nd5 28. Bxb5 Qxb5 29. Rc5 Nxc5 30. Qxd5 Ba6 31. Qxf7 Rf8 32. Qxg6+ Kh8 33. Qxh5+ Kg8 34. bxc5 Qd3 35. Qg5 Kh7 36. f6 Rxf6 37. Rxf6 Bxf6 38. Qf5+ Kg8 39. Qg6+ Bg7 40. Nf5 1-0

[Event "AUT-chT qual"]
[Site "Vienna"]
[Date "1998.??.??"]
[Round "1"]
[White "Raubal, Martin"]
[Black "Wallner, Alfred"]
[Result "1/2-1/2"]
[WhiteElo "2235"]
[BlackElo "2215"]
[PlyCount "60"]
[EventDate "1998.??.??"]
[EventType "team"]
[EventRounds "3"]
[EventCountry "AUT"]
[SourceTitle "EXT 1999"]
[Source "ChessBase"]
[SourceDate "1998.11.16"]
[SourceVersion "1"]
[SourceVersionDate "1998.11.16"]
[SourceQuality "1"]

1. e4 c5 2. c3 Nf6 3. e5 Nd5 4. d4 cxd4 5. Nf3 e6 6. cxd4 b6 7. Bd3 Bb4+ 8. Bd2 Bxd2+ 9. Qxd2 Ba6 10. 0-0 0-0 11. Nc3 Nxc3 12. Qxc3 Bxd3 13. Qxd3 Nc6 14. Rac1 Rc8 15. a3 d6 16. Qa6 dxe5 17. dxe5 Rc7 18. Qc4 Rc8 19. Qe4 Na5 20. Rxc8 Qxc8 21. Ng5 g6 22. Qh4 h5 23. Ne4 Qc2 24. Nf6+ Kg7 25. g4 Qxb2 26. Nxh5+ gxh5 27. Qg5+ Kh7 28. Qxh5+ Kg8 29. Qg5+ Kh7 30. Qh5+ Kg8 1/2-1/2